000 00530nam a2200181Ia 4500
003 GCL
008 140319s9999 xx 000 0 ara d
040 _aGCL /
_cGCL
082 0 4 _a301.427
_bع د
100 1 _aعلى القائمى
245 1 0 _aدور الام فى التربية /
_cعلى القائمى
260 _aبيروت :
_bدار النبلاء ،
_c1994
300 _a280 ص ؛
_c24 سم
650 0 4 _aالامومة
650 0 4 _aالامهات
650 0 4 _aالامهات والابناء
942 _2ddc
_cBK
999 _c5216
_d5216